Diccionario de músicos célebres del pasado y del presente
Na minha lista:
| Autor principal: | |
|---|---|
| Formato: | Livro |
| Idioma: | espanhol |
| Publicado em: |
Buenos Aires
Anaconda
1942
|
| Assuntos: | |
| Tags: |
Adicionar Tag
Sem tags, seja o primeiro a adicionar uma tag!
|
MARC
| LEADER | 00000nam a2200000 a 4500 | ||
|---|---|---|---|
| 001 | UCN1132 | ||
| 003 | CL-VaPUC | ||
| 008 | 010420e19420000AG |||||||||||||||||spa|d | ||
| 082 | 0 | 4 | |a 780.3092 |b WHE |2 21 |
| 100 | 0 | |a Whelbourn, Hubert |e author |9 456553 | |
| 245 | 1 | 0 | |a Diccionario de músicos célebres del pasado y del presente |
| 300 | |a 349 p | ||
| 942 | |c BK | ||
| 945 | |d 20010420 00:00:00 |a crobeson | ||
| 260 | |a Buenos Aires |b Anaconda |c 1942 | ||
| 650 | 0 | |a Música |9 306770 | |
| 650 | 0 | |a Músicos |9 306340 | |
| 650 | 0 | |a Biobibliografías |9 412305 | |
| 583 | |a last modification |c 20010420 00:00:00 |k Rodrigo Vera | ||
| 999 | |c 294709 |d 294707 | ||
| 952 | |0 0 |1 0 |4 0 |6 780_309200000000000_WHE_1942 |7 0 |8 F |9 347407 |a BIBEDU |b BIBEDU |d 2019-11-20 |i 118041K |o 780.3092 WHE 1942 |p 118041K |r 2023-01-12 |w 2019-11-20 |y BK_F |k MUS | ||